Volcans - Buhos Lletra - Statistics

General Stats
  • This quiz has been taken 11 times
  • The average score is 158 of 231
Answer Stats
Lletra % Correct
Com
100%
com
100%
en
100%
ens
100%
erupció
100%
la
100%
La
100%
se'ns
100%
volcà
100%
volcans
100%
a
88%
A
88%
dos
88%
el
88%
llum
88%
món
88%
nit
88%
prohibeixin
88%
que
88%
qui
88%
regles
88%
ser
88%
si
88%
som
88%
Es
75%
es
75%
Sense
75%
75%
acabés
63%
Ballant
63%
cel,
63%
créixer
63%
fins
63%
I
63%
i
63%
junts
63%
plegats
63%
raó
63%
trinxera,
63%
un
63%
una
63%
vam
63%
veritats
63%
costat
50%
creure,
50%
guerra
50%
lluitar-la
50%
mitges
50%
No
50%
nostre
50%
teu
50%
vull
50%
acabem
38%
al
38%
atrapats
38%
Busquem
38%
canvia
38%
d'avui
38%
Em
38%
em
38%
entre
38%
estava
38%
fer
38%
perdent
38%
sortida
38%
tot
38%
abast
25%
ara
25%
encén-me
25%
fa
25%
ha
25%
Hi
25%
hi
25%
ho
25%
quan
25%
sempre
25%
tu
25%
vas
25%
crema,
13%
crema
13%
ets
13%
foc
13%
força
13%
guanya
13%
imparable
13%
l'escalfor
13%
meva
13%
pena
13%
por
13%
torça
13%
Treu-me
13%
apaguin
0%
bombers
0%
cor
0%
No matching quizzes found
Score Distribution
Percent of People with Each Score
Percentile by Number Answered
Your Score History
You have not taken this quiz